000 01671cam a2200253 4500
001 ABS63294
008 000000n2000 000 0 eng u
035 _a(Sirsi) u110157
100 _aNewmark, C
245 _aHuman rights, arbitration and ADR
260 _c2000
490 _aSolicitors' Journal
_v144(45) 1 December 2000, 1094-1095(2)
520 _aConsiders the approach courts may take to the application of the Human Rights Act 1998 on arbitration and alternative dispute resolution and whether parties to an arbitration, adjudication or mediation have less protection from the 'right to a fair trial' introduced by the HRA and Article 6(1). Looks at the implication of Article 6(1) and HRA on arbitration, adjudication and mediation, along with the duties of the arbitrator and an enforcing court. Concludes that discussions of the implication of the HRA are being approached with commonsense but that there are still unanswered questions which go beyond the impact on arbitration and ADR. Meanwhile English law will come to contain new standards of fairness which will inform the dispute resolution process.
590 _aABS
650 _aHUMAN RIGHTS ACT 1998
650 _aCONVENTION FOR THE PROTECTION OF HUMAN RIGHTS AND FUNDAMENTAL FREEDOMS ART 6
650 _aMANAGEMENT-DISPUTE AVOIDANCE, MANAGEMENT AND RESOLUTION-DISPUTE MANAGEMENT AND RESOLUTION-ALTERNATIVE DISPUTE RESOLUTION-ADJUDICATION
650 _aMANAGEMENT-DISPUTE AVOIDANCE, MANAGEMENT AND RESOLUTION-DISPUTE MANAGEMENT AND RESOLUTION-ARBITRATION
650 _aMEDIATION
650 _aENGLISH LAW
690 _aDispute resolution
_96236
700 _aGreen, D
942 _n0
999 _c65693
_d65693